1354 1465 1225 1815 1854 2000 1835 1999 1502 1810 1315 1210 1498 1102 1986 1033 1337 1636 1706 1411 1367 1577 1041 1800 1967 1379 1357 1678 1173 1464 1196 1498 1997 1096 1584 1263 1918 1152 1414 1504 1562 1664 1472 1774 1120 1804 1737 1850 1436 1436 1454 1972 1539 1331 1075 1334 1718 1557 1339 1836 1570 1777 1941 1039 1573 1396 1175 1398 1491 1667 1565 1205 2000 1473 1094 1799 1948 1971 1202 1265 1487 1802 1029 1375 1930 1087 1042 1777 1055 1380 1558 1814 1755 1393 1795 1733 1319 1944 1736 BCNSPRNW ULIB Ver.6.0+V

เปลี่ยนเป็นภาษาไทย

Change to English
 แสดงรายละเอียดบรรณานุกรม
  กลับหน้าหลัก

Brief Record : Get Marc (ISO 2709) : E-mail record : QR code < ปิดหน้าต่าง
LEADER : 00000nam 2200000uu 4500
001    13399115121
003     ULIB
008    120710s2552||||th 000 0 tha d
020    ^a9786115210084
090    ^aนว.^bม290ผ 2552
100 0  ^aมักเน
245 00 ^aแผนรัก..ลิขิตใจ/^cมักเน
250    ^aพิมพ์ครั้งที่ 1
260    ^aกรุงเทพฯ :^bมธุรดา,^c2552
300    ^a346 หน้า
945    ^p0^l0^i15769
995    ^aกัณชพร
999    ^aใช้งานได้ทุกระบบ
รายการนี้ยังไม่มีแท็ก
คุณยังไม่ได้ล็อกอิน คุณสามารถมีกิจกรรมร่วมกับเว็บไซต์ได้ แต่ต้องล็อกอินก่อน ::
  ล็อกอิน

รายการสื่อสารสนเทศ

ลำดับที่ ประเภท เลขเรียก/บาร์โค้ด สถานที่ สถานะ
1. นวนิยาย
นวนิยาย
นว. ม290ผ 2552  
  Barcode: 15769
ห้องสมุดวิทยาเขตสวรรค์ประชารักษ์
►นวนิยาย
บนชั้น
  ขอยืม

รายการใกล้เคียง
    ผู้แต่ง [มักเน]

BibComment


ยังไม่เคยถูกคอมเมนท์

คอมเมนท์ทรัพยากรรายการนี้
  คอมเมนท์: แผนรักลิขิตใจ มั..


 Copyright 2026. Bcnsprnw @Library